| 000 | 01402nam a2200421 i 4500 | ||
|---|---|---|---|
| 001 | 7011 | ||
| 003 | KOSZ 005 | ||
| 005 | 20221024092806.0 | ||
| 008 | 980702s1995 pl a |000 0 pol | ||
| 015 | _aUWD 1996/1815 | ||
| 035 | _a991003897499705066 | ||
| 035 | _a(PL-WaBN)b11038780-48omnis_nlop | ||
| 035 | _ab11038780 | ||
| 035 | _a(OCoLC)830098655 | ||
| 035 | _a(PL)b0000001103878 | ||
| 035 | _a(EXLNZ-48OMNIS_NETWORK)9910430371705606 | ||
| 040 |
_aWA N _cWA N _dKOSZ 005/HR |
||
| 046 | _k1995 | ||
| 080 | _a621.791/.795 | ||
| 100 | 1 |
_aSłużalec, Adolf _d(1927-2003) _eAutor |
|
| 245 | 1 | 0 |
_aZgrzewanie zgniotowe metali / _cAdolf Służalec ; Politechnika Częstochowska. |
| 260 |
_aCzęstochowa : _bWydawnictwo PC, _c1995. |
||
| 300 |
_a179, [1] s. : _bfot., rys., wykr. ; _c24 cm. |
||
| 336 |
_aTekst _btxt _2rdacontent |
||
| 337 |
_aBez urządzenia pośredniczącego _bn _2rdamedia |
||
| 338 |
_aWolumin _bnc _2rdacarrier |
||
| 380 | _aKsiążki | ||
| 388 | _a1901-2000 | ||
| 388 | _a1989-2000 | ||
| 504 | _aBibliogr. s. 177-[180]. | ||
| 650 | 7 |
_aMetale _2DBN |
|
| 650 | 7 | _aZgrzewanie | |
| 658 | _aInżynieria i technika | ||
| 710 | 2 |
_aWydawnictwo Politechniki Częstochowskiej _4pbl |
|
| 856 |
_uhttp://koha.tu.koszalin.pl/cgi-bin/koha/opac-detail.pl?biblionumber=7011 _yKatalog online BPK |
||
| 942 |
_2UKD _cKS |
||
| 999 |
_c7011 _d7011 |
||